The effect of credit rationing on the shape of the competition-innovation relationship /

Hlavní autor: Bena, Jan, 1976-
Jazyk: Angličtina
Vydáno: Prague : CERGE-EI, 2008
Edice: Working paper series (CERGE-EI)
Témata:
Fyzický popis: 48, [17] s. : il. ; 21 cm
Language note: České resumé
Knihy
Uloženo v:
LEADER 01929nam a2200529 a 4500
001 nkc20081836102
003 CZ PrNK
005 20090918091723.0
007 ta
008 090717s2008 xr a f 000 0 eng
015 |a cnb001836102 
020 |a 978-80-7343-178-5  |q (Centrum pro ekonomický výzkum a doktorské studium UK ;  |q brož.) 
020 |a 978-80-7344-167-8  |q (Národohospodářský ústav AV ČR ;  |q brož.) 
035 |a (OCoLC)432994134 
040 |a ABA001  |b cze 
041 0 |a eng  |b cze 
072 7 |a 33  |x Ekonomie  |2 Konspekt  |9 4 
080 |a 330.341.1  |2 MRF 
080 |a 339.137  |2 MRF 
080 |a 658.14  |2 MRF 
080 |a 519.673  |2 MRF 
080 |a (048.8)  |2 MRF 
100 1 |a Bena, Jan,  |d 1976-  |7 jx20041026018  |4 aut 
245 1 4 |a The effect of credit rationing on the shape of the competition-innovation relationship /  |c Jan Bena 
260 |a Prague :  |b CERGE-EI,  |c 2008 
300 |a 48, [17] s. :  |b il. ;  |c 21 cm 
490 1 |a Working paper series,  |x 1211-3298 ;  |v 377 
504 |a Obsahuje bibliografii a bibliografické odkazy 
546 |a České resumé 
650 0 7 |a inovace  |7 ph121118  |2 czenas 
650 0 7 |a hospodářská soutěž  |7 ph120822  |2 czenas 
650 0 7 |a financování podniku  |7 ph507318  |2 czenas 
650 0 7 |a matematické modelování  |7 ph115240  |2 czenas 
650 0 9 |a innovations  |2 eczenas 
650 0 9 |a competition  |2 eczenas 
650 0 9 |a enterprise financing  |2 eczenas 
650 0 9 |a mathematical modeling  |2 eczenas 
655 7 |a studie  |7 fd133597  |2 czenas 
655 9 |a studies  |2 eczenas 
830 0 |a Working paper series (CERGE-EI)  |0 s 
910 2 |a BOA001  |b 2-1227.417 
928 9 |a Národohospodářský ústav AV ČR 
928 9 |a Univerzita Karlova, Centrum pro ekonomický výzkum a doktorské studium 
990 |a BK 
995 |a 01 
991 |b 200908  |c NOV 
996 6 |b 2610384697  |c 2-1227.417  |l MZK  |r Sklad / do 1 hodiny  |n 0  |p p.v.  |w 001091802  |u 000010  |a 1  |e BOA001  |j MZK50  |s P